|
003 -Nazwa inst., której nr kontr. jest w polu 001 [,]
|
-
- @
- Nazwa instytucji, której n kontrolny jest w polu 001
- NUKAT
|
|
005 -DATA I CZAS OSTATNIEJ MODYFIKACJI [,]
|
-
- @
- pole kontrolne
- 20250710205603.0
|
|
040 -Instytucja sporządzająca opis [ , ]
|
-
- a
- Instytucja, która sporządziła opis (NP)
- TOR U/elc
-
- c
- Instytucja, która sporządziła rekord (NP)
- TOR U/AKr
-
- d
- Instytucja, która zmodyfikowała rekord (P)
- TOR U/LF
-
- d
- Instytucja, która zmodyfikowała rekord (P)
- WR O/ZWs
-
- d
- Instytucja, która zmodyfikowała rekord (P)
- TOR U/IMs
|
|
041 -Język dokumentu [1, ]
|
-
- a
- Język tekstu (P)
- polski
-
- h
- Język tekstu oryginalnego i/lub pośredniego (P)
- francuski
|
|
942 -Rodzaj dokumentu [ , ]
|
-
- c
- Rodzaj dokumentu
- Książka
|
|
700 -Hasło dodatkowe - nazwa osobowa [1, ]
|
-
- a
- Nazwa osobowa (NP)
- Żeleński, Tadeusz
-
- d
- Daty biograficzne (NP)
- (1874-1941).
-
- e
- Określenie rodzaju współpracy
- Tł.
-
|
|
700 -Hasło dodatkowe - nazwa osobowa [1, ]
|
-
- a
- Nazwa osobowa (NP)
- Tatarkiewicz, Anna
-
- d
- Daty biograficzne (NP)
- (1921-2019).
-
- e
- Określenie rodzaju współpracy
- Tł.
-
|
|
700 -Hasło dodatkowe - nazwa osobowa [1, ]
|
-
- a
- Nazwa osobowa (NP)
- Żurowski, Maciej
-
- d
- Daty biograficzne (NP)
- (1915-2003).
-
- e
- Określenie rodzaju współpracy
- Wybór
-
|
|
700 -Hasło dodatkowe - nazwa osobowa [1, ]
|
-
- a
- Nazwa osobowa (NP)
- Czerny, Zygmunt
-
- d
- Daty biograficzne (NP)
- (1888-1974).
-
- e
- Określenie rodzaju współpracy
- Wstęp
-
|
|
700 -Hasło dodatkowe - nazwa osobowa [1,2]
|
-
- a
- Nazwa osobowa (NP)
- Bédier, Joseph
-
- d
- Daty biograficzne (NP)
- (1864-1938).
-
- t
- Tytuł ujednolicony/tytuł (NP)
- Roman de Tristan et Iseut
-
- l
- Język tekstu (NP)
- (pol.)
-
|
|
700 -Hasło dodatkowe - nazwa osobowa [0,2]
|
-
- a
- Nazwa osobowa (NP)
- Chrétien de Troyes
-
- d
- Daty biograficzne (NP)
- (około 1135-około 1183).
-
- t
- Tytuł ujednolicony/tytuł (NP)
- Perceval
-
- l
- Język tekstu (NP)
- (pol.)
-
|
|
700 -Hasło dodatkowe - nazwa osobowa [1,2]
|
-
- a
- Nazwa osobowa (NP)
- Villon, François
-
- d
- Daty biograficzne (NP)
- (1431-około 1463).
-
- t
- Tytuł ujednolicony/tytuł (NP)
- Testament
-
- l
- Język tekstu (NP)
- (pol.)
-
|
|
700 -Hasło dodatkowe - nazwa osobowa [0,2]
|
-
- a
- Nazwa osobowa (NP)
- Marie de France
-
- d
- Daty biograficzne (NP)
- (około 1100-około 1200).
-
- t
- Tytuł ujednolicony/tytuł (NP)
- Lais
-
- l
- Język tekstu (NP)
- (pol. ;
-
- k
- Sformalizowane określenie (P)
- wybór)
-
|
|
710 -Hasło dodatkowe - nazwa ciała zbiorowego [2, ]
|
-
- a
- Nazwa ciała zbiorowego lub nazwa geograficzna jako pierwszy element (NP)
- Państwowy Instytut Wydawniczy.
-
-
|
|
730 -Hasło dodatkowe - tytuł ujednolicony [0,2]
|
-
- a
- Tytuł ujednolicony (NP)
- Chanson de Roland
-
- l
- Język tekstu (NP)
- (pol. ;
-
- s
- Wersja (NP)
- wersja fr.)
-
|